Vplyv reštrukturalizácie na daň z príjmov
Reštrukturalizácia je zákonom presne stanovený proces smerujúci k záchrane dlžníka. Zmeny v reštrukturalizačnom konaní. Účtovanie v procese reštrukturalizácie a základ dane. Odkúpenie pohľadávky voči dlžníkovi v reštrukturalizácii štátom.
Guardado en:
| Autor principal: | |
|---|---|
| Formato: | Capítulo de libro |
| Lenguaje: | eslovaco |
| Materias: | |
| Etiquetas: |
Sin Etiquetas, Sea el primero en etiquetar este registro!
|
MARC
| LEADER | 00000naa a2200000 4500 | ||
|---|---|---|---|
| 001 | 0217171 | ||
| 005 | 20231114112732.5 | ||
| 041 | 0 | |a slo | |
| 044 | |a SK | ||
| 245 | 1 | 0 | |a Vplyv reštrukturalizácie na daň z príjmov |c Iveta Petrovická |
| 520 | |a Reštrukturalizácia je zákonom presne stanovený proces smerujúci k záchrane dlžníka. Zmeny v reštrukturalizačnom konaní. Účtovanie v procese reštrukturalizácie a základ dane. Odkúpenie pohľadávky voči dlžníkovi v reštrukturalizácii štátom. | ||
| 610 | 2 | 0 | |a reštrukturalizácia finančná |
| 610 | 2 | 0 | |a dane z príjmov |
| 610 | 2 | 0 | |a pohľadávky |
| 610 | 2 | 0 | |a účtovanie |
| 610 | 2 | 0 | |a odkúpenie pohľadávok |
| 610 | 2 | 0 | |a štát |
| 100 | 1 | |a Petrovická, Iveta | |